000
00296nam a2200109Ia 4500
008
220204s9999 xx 000 0 und d
082
_a
378(058.7)(540)
_b
ALL
245
0
_a
All India educational directory. 1972
250
_a
Ed.28
260
_a
Chandigarh
_b
All India Directories
_c
1972
942
_c
BK
999
_c
21796
_d
21796